000 00943cam a2200337 4500
001 B1623
008 090401t1988 xxu||||| |||| 00| 0 eng d
035 _a(Sirsi) u45488
041 _aeng
050 _a526.90994
110 _aInstitution of Surveyors Australia
_92571
245 _aIn the steps of our forefathers
260 _aBrisbane
_bInstitution of Surveyors Australia
_c1988
300 _a52p. : ill. ; 30cm.
350 _a6.95
650 _aAUSTRALIA
650 _aBURNETT JAMES CHARLES
650 _aBYERLEY FREDERICK JOHN
650 _aCUNNINGHAM ALLAN
650 _aDIXON ROBERT
650 _aFLINDERS MATTHEW
650 _aLAND SURVEYING
650 _aLEICHHARDT FRIEDRICH WILHELM LUDWIG
650 _aMACCABE FRANCIS PETER
650 _aOXLEY JOHN JOSEPH MOLESWORTH
650 _aQUEENSLAND
650 _aSTUART CLARENDON
710 _aQueensland Division
_92336
942 _n0
948 _c04/03/1997
999 _c91732
_d91732